Quick solutions to great layouts (Record no. 296249)

MARC details
000 -LEADER
fixed length control field 00360nam a2200145Ia 4500
008 - FIXED-LENGTH DATA ELEMENTS--GENERAL INFORMATION
fixed length control field 240404s9999 xx 000 0 und d
020 ## - INTERNATIONAL STANDARD BOOK NUMBER
International Standard Book Number 9780713476378
041 ## - LANGUAGE CODE
Language code of text/sound track or separate title English
082 ## - DEWEY DECIMAL CLASSIFICATION NUMBER
Classification number 686.2  DAV;1  R
100 ## - MAIN ENTRY--PERSONAL NAME
Personal name Davis, Graham.
245 #0 - TITLE STATEMENT
Title Quick solutions to great layouts
260 ## - PUBLICATION, DISTRIBUTION, ETC.
Date of publication, distribution, etc. 1994
Name of publisher, distributor, etc. BT Batsford
Place of publication, distribution, etc. Londan
300 ## - PHYSICAL DESCRIPTION
Extent 143
942 ## - ADDED ENTRY ELEMENTS (KOHA)
Koha item type Reference Books
Holdings
Date last seen Total checkouts Full call number Accession number Cost, total (INR) price Price effective from Category Lost status Source of classification or shelving scheme Damaged status Withdrawn status Home library Current library Shelving location Entry date Vendor Cost, normal purchase price Grants Billnumber Billdate Currency symbol Conversion rate Discount PO number
04/04/2024   686.2  DAV;1  R AR1540 1559.72 04/04/2024 Arch Books   Dewey Decimal Classification     Central Library Central Library Central Library 12/02/2024 Metro Books 28.99 ARCH MB/2557/2023-24 12:00.0 USD 85.4 37 NULL

© For any Suggestions or Query, please contact the library staff @ librarian@pes.edu or Phone: +9180 2672 1983/ 2108.